00630nam a2200181 a 4500008004100000020001500041050001500056110001800071245005000089250001200139260004600151300002300197350000900220500017400229650001500403650002100418650000900439120416s2001 ||||||||||||||||| || u a0540080683 aG 1021 Geo aGeorge Philip10aPhilip's world atlas and gazetteer. (9th ed.) a9th ed. aLondon:bRoyal Geographical Societyc2001 aviii, 176p. : ill. a0.00 aRelief shown by shading and spot heights. Depths shown by gradient tints. "In association with the Royal Geographical Society with the Institute of British Geographers." aGazetteers aATLASES, BRITISH aMAPS